00474nam a2200169Ia 4500008004100000041001200041082001900053100001500072245005400087365000700141520001200148546001200160630005400172650001200226655001200238730005400250101110s9999 xx 000 0 und d aENGLISH bSR18750a531.2 aGupta K.C. aClassical Mechanics of Particles and Rigid Bodies b70 aPhysics aENGLISH aClassical Mechanics of Particles and Rigid Bodies aPhysics aPhysics aClassical Mechanics of Particles and Rigid Bodies